Defensores de los Derechos Humanos en primera línea: América Central y México /
El documento presenta un análisis de las personas que se dedican a defender los derechos humanos, específicamente en América Central y México.
Guardat en:
| Autor corporatiu: | |
|---|---|
| Format: | Text |
| Idioma: | Spanish |
| Publicat: |
Madrid:
EDAI
1996
|
| Matèries: | |
| Etiquetes: |
Afegir etiqueta
Sense etiquetes, Sigues el primer a etiquetar aquest registre!
|
MARC
| LEADER | 00000 a a2200000 04500 | ||
|---|---|---|---|
| 001 | 22524 | ||
| 003 | cru CIDCACS/IIS | ||
| 005 | 20230619124224.0 | ||
| 008 | 181122b1996 SP ||||| |||| 00| 0 spa d | ||
| 020 | |a 8486874394 | ||
| 040 | |c cru CIDCACS/IIS | ||
| 090 | |a 04.02.01 D313d | ||
| 110 | |a Amnistía Internacional | ||
| 245 | |a Defensores de los Derechos Humanos en primera línea: América Central y México / |c Amnistía Internacional | ||
| 260 | |a Madrid: |b EDAI |c 1996 | ||
| 300 | |a 48 p. | ||
| 520 | |a El documento presenta un análisis de las personas que se dedican a defender los derechos humanos, específicamente en América Central y México. | ||
| 650 | |a DERECHOS HUMANOS | ||
| 650 | |2 Macrothesauro de la OCDE | ||
| 650 | |a DEFENSA DE LOS DERECHOS HUMANOS | ||
| 650 | |2 Listado unificadode CLACSO | ||
| 650 | |a AGRESION | ||
| 650 | |2 Macrothesauro de la OCDE | ||
| 650 | |a IMPUNIDAD | ||
| 650 | |2 Listado unificado de CIDCACS | ||
| 650 | |a REPRESION | ||
| 650 | |2 Listado unificado de CIDCACS | ||
| 650 | |a DEFENSOR DEL PUEBLO | ||
| 650 | |2 Macrothesauro de la OCDE | ||
| 651 | |a América Central | ||
| 651 | |a El Salvador | ||
| 651 | |a Guatemala | ||
| 651 | |a México | ||
| 651 | |a Honduras | ||
| 942 | |2 ddc |c LI | ||
| 999 | |c 12360 |d 12360 | ||



